Дизайн и технология изготовления обложки из бересты; Современные техника и технологии; Т. 3

Библиографические подробности
Источник:Современные техника и технологии: сборник трудов XVI Международной научно-практической конференции студентов, аспирантов и молодых ученых, Томск, 12-16 апреля 2010 г/ Национальный исследовательский Томский политехнический университет (ТПУ).— , 2010
Т. 3.— 2010.— [С. 283-284]
Главный автор: Тисленко А. А.
Другие авторы: Кухта М. С. (научный руководитель)
Примечания:Заглавие с титульного листа
Электронная версия печатной публикации
Язык:русский
Опубликовано: 2010
Предметы:
Online-ссылка:http://www.lib.tpu.ru/fulltext/c/2010/C01/V1/133.pdf
Формат: Электронный ресурс Статья
Запись в KOHA:https://koha.lib.tpu.ru/cgi-bin/koha/opac-detail.pl?biblionumber=236300

MARC

LEADER 00000nla2a2200000 4500
001 236300
005 20260414143450.0
035 |a (RuTPU)RU\TPU\book\257460 
035 |a RU\TPU\book\257432 
090 |a 236300 
100 |a 20130422d2010 k y0rusy50 ca 
101 0 |a rus 
102 |a RU 
135 |a drnn ---uucaa 
181 0 |a i  
182 0 |a b 
200 1 |a Дизайн и технология изготовления обложки из бересты  |f А. А. Тисленко  |g науч. рук. М. С. Кухта 
203 |a Текст  |c электронный 
215 |a 1 файл (249 Кб) 
300 |a Заглавие с титульного листа 
300 |a Электронная версия печатной публикации 
337 |a Adobe Reader 
461 0 |0 (RuTPU)RU\TPU\book\245271  |t Современные техника и технологии  |o сборник трудов XVI Международной научно-практической конференции студентов, аспирантов и молодых ученых, Томск, 12-16 апреля 2010 г  |o в 3 т.  |f Национальный исследовательский Томский политехнический университет (ТПУ)  |d 2010 
463 0 |0 (RuTPU)RU\TPU\book\255783  |t Т. 3  |v [С. 283-284]  |d 2010 
610 1 |a электронный ресурс 
610 1 |a труды учёных ТПУ 
610 1 |a художественные изделия 
610 1 |a декоративно-прикладное искусство 
610 1 |a береста 
610 1 |a обложки 
610 1 |a технологии 
610 1 |a дизайн 
610 1 |a изготовление 
700 1 |a Тисленко  |b А. А. 
702 1 |a Кухта  |b М. С.  |4 727 
801 1 |a RU  |b 63413507  |c 20130213 
801 2 |a RU  |b 63413507  |c 20141003  |g RCR 
856 4 |u http://www.lib.tpu.ru/fulltext/c/2010/C01/V1/133.pdf 
942 |c CF